Ryujin Outfits (ITZY) - Statistics

General Stats
  • This quiz has been taken 37 times
    10 since last reset
  • The average score is 19 of 24
Answer Stats
Picture Answer % Correct
Born to be
100%
Dalla Dalla
100%
In the Morning
100%
Loco
100%
Untouchable
100%
Boys like you
90%
Cake
90%
Icy
90%
Mr.Vampire
90%
Run Away
90%
Wannabe
90%
Girls will be Girls
80%
Gold
80%
Not Shy
80%
Ringo
80%
Sneakers
80%
Voltage
80%
Cheshire
70%
Algorhythm
60%
Blah Blah Blah
60%
Imaginary Friend
60%
Tunnel Vision
60%
Kiss and Tell
50%
Rock & Roll
50%
No matching quizzes found
Score Distribution
Percent of People with Each Score
Percentile by Number Answered
Your Score History
You have not taken this quiz since the last reset